Groups of Things - A Level Economics (AQA) - Statistics

General Stats
  • This quiz has been taken 93 times
  • The average score is 15 of 37
Answer Stats
Group Answer Hint % Correct
The Components of the AD Formula Investment I
82%
The Components of the AD Formula Consumption C
74%
Components of Market Equilibrium Diagram Price Y-Axis
72%
Components of Market Equilibrium Diagram Quantity X-Axis
71%
The Components of the AD Formula Government Spending G
70%
- Y What letter is used to present "income" in Macroeconomics?
70%
Types of Demand (Curve) Elastic X>1
67%
Types of Demand (Curve) Inelastic X<1
67%
Market Structures Monopoly
66%
Market Structures Oligopoly
63%
Two main Schools of Thought Keynesian
54%
Types of 'Goods' Public Available to all
50%
Components of Market Equilibrium Diagram Demand Curve D
49%
Market Structures Perfect Competition
49%
Components of Market Equilibrium Diagram Supply Curve S
49%
Types of 'Goods' Merit Goods with Positive externalities
45%
Types of 'Goods' Demerit Goods with Negative externalities
43%
Two main Schools of Thought Classical
42%
The Components of the AD Formula Net Exports (X-M)
41%
Types of 'Goods' Consumer Goods used by people
37%
Types of 'Goods' Private Available from a seller
37%
Types of 'Goods' Capital Goods used for making goods
36%
Components of Market Equilibrium Diagram Equilibrium Price pe
36%
Components of Market Equilibrium Diagram Equilibrium Quantity qe
36%
Market Structures Monopolistic Competition
36%
Market Structures Monopsony
29%
Elasticities of Supply PES
24%
Market Structures Duopoly
22%
Types of 'Goods' Complimentary Like Hot dog buns to Hot Dogs
13%
Elasticities of Supply YES
13%
Elasticities of Supply XES
9%
Types of 'Goods' Durable A good with a life expectancy of at least 3 years
8%
Types of Demand (Curve) Kinky So Hot Bro
4%
Types of 'Goods' Non-Durable A good that is consumed quickly, less than 3 years
3%
Types of 'Goods' Supplimentary Petrol to a car
3%
Famous Adam Smith Concepts Pin Factory Benefits of Specialisation and Division of Labour
1%
Famous Adam Smith Concepts Water Diamond Paradox For showing how scarcity affects price
1%
No matching quizzes found
Score Distribution
Percent of People with Each Score
Percentile by Number Answered
Your Score History
You have not taken this quiz